000 00290nam a2200121Ia 4500
008 140130s9999 xx 000 0 und d
245 _cRoyston, Angela
_aInsect and crawly creature
260 _bScholastic,
440 _v1
521 _aGrade 3 - Grade 4
942 _cBK
999 _c40983
_d40983